000 00308nam a22001337a 4500
008 171107b xxu||||| |||| 00| 0 eng d
020 _a0866412247
041 _aeng
080 _a330.722.6
100 _a62
101 _aKON
245 _aINSTITUTE OF MANAGEMENT ACCOUNTANTS
_cMEYERS.G.U
942 _2udc
_cBK
999 _c37992
_d37992